| 000 | 00483nam a22001337a 4500 | ||
|---|---|---|---|
| 003 | SGT | ||
| 020 | _a9789380172774 | ||
| 082 |
_a891.4309 _bM15P |
||
| 100 | _aप्रसाद, कृष्ण नारायण | ||
| 245 | _aमहाकवि शंकरदेव : विचारक एवं समाज सुधारक | ||
| 260 |
_b हिंदी माध्यम कार्यान्वय निदेशालय _c2015 |
||
| 300 | _a524 | ||
| 942 |
_2ddc _cBK |
||
| 999 |
_c31098 _d31098 |
||